UM Logo

Let Us Debate! A Proposal to promote Social Entrepreneurship in Physical Education Teacher Education / (Record no. 24323)

MARC details
000 -LEADER
fixed length control field 00983nam a22002177a 4500
003 - CONTROL NUMBER IDENTIFIER
control field OSt
005 - DATE AND TIME OF LATEST TRANSACTION
control field 20260213142402.0
008 - FIXED-LENGTH DATA ELEMENTS--GENERAL INFORMATION
fixed length control field 260213b |||||||| |||| 00| 0 eng d
040 ## - CATALOGING SOURCE
Transcribing agency 0
082 ## - DEWEY DECIMAL CLASSIFICATION NUMBER
Edition number DPer 796.07 J826 January-October 2023 v. 42 n. 1-4
100 ## - MAIN ENTRY--PERSONAL NAME
Personal name Capella-Peris, Carlos.
Relator term author.
9 (RLIN) 59904
245 ## - TITLE STATEMENT
Title Let Us Debate! A Proposal to promote Social Entrepreneurship in Physical Education Teacher Education /
Statement of responsibility, etc. Carlos Capella-Peris,Oscar Chiva-Bartoll, Celina Salavador-Garcia, and María Maravé-Vivas.
260 ## - PUBLICATION, DISTRIBUTION, ETC. (IMPRINT)
Place of publication, distribution, etc. Champaign, IL ;
Name of publisher, distributor, etc. Human Kinetics, Inc.
Date of publication, distribution, etc. April 2023
300 ## - PHYSICAL DESCRIPTION
Extent Volume 42, pages 361-370 :
Other physical details illustration ;
Dimensions 29 cm.
500 ## - GENERAL NOTE
General note Journal of Teaching in Physical Education, vol. 42 no. 2, pages 361-370, April 2023
700 ## - ADDED ENTRY--PERSONAL NAME
Personal name Capella-Peris, Carlos.
Relator term author.
9 (RLIN) 59904
700 ## - ADDED ENTRY--PERSONAL NAME
Personal name Chiva-Bartoll, Oscar.
Relator term author.
9 (RLIN) 59906
700 ## - ADDED ENTRY--PERSONAL NAME
Personal name Salvador-Garcia, Celina
Relator term author.
9 (RLIN) 69726
700 ## - ADDED ENTRY--PERSONAL NAME
Personal name Maravé-Vivas, María
Relator term author.
9 (RLIN) 69727
942 ## - ADDED ENTRY ELEMENTS (KOHA)
Source of classification or shelving scheme Dewey Decimal Classification
Koha item type Periodicals

No items available.